Capitales du Monde - Carte Quiz (Nom des pays affichés) - Statistiques

Statistiques générales
  • Ce quiz a été pris 112 fois
    100 depuis la dernière actualisation
  • Le résultat moyen est 77 sur 196
Réponses sur la Carte
Les réponses sont colorées sur une échelle allant du rouge au vert en fonction du pourcentage des utilisateurs qui les ont devinées à leur premier essai. Vous pouvez retrouver ces pourcentages ci-dessous.
 
Statistiques - réponses
Réponse % Correct
Ottawa
67%
Amsterdam
64%
Paris
64%
Washington D.C.
64%
Alger
61%
Athènes
61%
Pékin
61%
Séoul
61%
Tokyo
61%
Berlin
58%
Brasilia
58%
Bruxelles
58%
Buenos Aires
58%
Canberra
58%
Copenhague
58%
Le Caire
58%
Madrid
58%
Helsinki
56%
Luxembourg
56%
Panama
56%
Tunis
56%
Ankara
53%
Berne
53%
Hanoï
53%
Kyiv
53%
Lisbonne
53%
Londres
53%
Mexico
53%
Moscou
53%
Oslo
53%
Rome
53%
Stockholm
53%
Sucre / La Paz
53%
Vienne
53%
Abou Dabi
50%
Bogota
50%
Caracas
50%
Dakar
50%
Islamabad
50%
La Valette
50%
Lima
50%
New Delhi
50%
Oulan-Bator
50%
Rabat
50%
Taipei
50%
Varsovie
50%
Wellington
50%
Antananarivo
47%
Bangkok
47%
Dublin
47%
Jérusalem
47%
Minsk
47%
Nairobi
47%
Prague
47%
Pretoria / Le Cap / Bloemfontein
47%
Pyongyang
47%
Reykjavik
47%
Riyad
47%
Santiago
47%
Sofia
47%
Sri Jayawardenapura Kotte / Colombo
47%
Andorre-la-Vieille
44%
Bagdad
44%
Bucarest
44%
Dacca
44%
Damas
44%
Djibouti
44%
Guatemala
44%
Katmandou
44%
Kuala Lumpur / Putrajaya
44%
La Havane
44%
Malé
44%
Nicosie
44%
Saint-Marin
44%
Téhéran
44%
Asuncion
42%
Bamako
42%
Beyrouth
42%
Bissau
42%
Chișinău
42%
Doha
42%
Jakarta
42%
Kaboul
42%
Koweït
42%
Manille
42%
Nassau
42%
Quito
42%
Sanaa
42%
San Salvador
42%
Sao Tomé
42%
Singapour
42%
Tbilissi
42%
Tirana
42%
Vaduz
42%
Zagreb
42%
Addis-Abeba
39%
Belgrade
39%
Bratislava
39%
Brazzaville
39%
Budapest
39%
Khartoum
39%
Kinshasa
39%
Montevideo
39%
Ouagadougou
39%
Sarajevo
39%
Tripoli
39%
Bakou
36%
Conakry
36%
Dili
36%
Luanda
36%
Monaco
36%
Paramaribo
36%
Phnom Penh
36%
Saint-Domingue
36%
San José
36%
Tallinn
36%
Tegucigalpa
36%
Vilnius
36%
Abuja
33%
Accra
33%
Astana
33%
Bandar Seri Begawan
33%
Bangui
33%
Banjul
33%
Belmopan
33%
Bichkek
33%
Cité du Vatican
33%
Erevan
33%
Kingston
33%
Lilongwe
33%
Ljubljana
33%
Lomé
33%
Mascate
33%
Niamey
33%
Podgorica
33%
Port-au-Prince
33%
Port Moresby
33%
Riga
33%
Thimphou
33%
Windhoek
33%
Yaoundé
33%
Achgabat
31%
Amman
31%
Douchanbé
31%
Georgetown
31%
Mbabane / Lobamba
31%
Naypyidaw
31%
Nouakchott
31%
Port-Louis
31%
Praia
31%
Skopje
31%
Victoria
31%
Yamoussoukro
31%
Asmara
28%
Bridgetown
28%
Dodoma
28%
Freetown
28%
Harare
28%
Kigali
28%
Libreville
28%
Managua
28%
Manama
28%
Mogadiscio
28%
Palikir
28%
Port d’Espagne
28%
Porto-Novo
28%
Vientiane
28%
Yaren
28%
Apia
25%
Kampala
25%
Moroni
25%
Nuku’alofa
25%
Pristina
25%
Roseau
25%
Saint George’s
25%
Suva
25%
Tachkent
25%
Castries
22%
Djouba
22%
Gaborone
22%
Lusaka
22%
Malabo
22%
N’Djamena
22%
Tarawa-Sud
22%
Basseterre
19%
Funafuti
19%
Gitega
19%
Honiara
19%
Maputo
19%
Maseru
19%
Port Vila
19%
Saint John’s
19%
Delap-Uliga-Darrit (Majuro)
17%
Monrovia
17%
Ngerulmud
17%
Kingstown
14%
Aucun quiz correspondant
Distribution des résultats
% des personnes avec chaque résultat
Percentile par nombre de réponses
Votre historique - résultats
Vous n’avez pas pris ce quiz depuis la dernière actualisation